Statistics for Who Made That Quiz?

Click here to take the quiz!

General Stats

  • This quiz has been taken 82 times
  • The average score is 5 of 28

Answer Stats

QuizAuthor% Correct
Countries of the World QuizQuizmaster
100%
Category Elimination - CountriesStewart
31%
Countries of the World with an Empty Maprelessness
27%
Digits of Pikalbahamut
24%
Find The Mystery Country Using Color CluesPandora49
23%
ALL First-Level Subdivisions of the World With a MapIAB
21%
Guess the Countries Being Drawnovertired
21%
Countries of Europe in 1360 with a MapDekkie
20%
Countries of the World in 1444Abby
20%
Play-Doh Presidentsdug28
20%
All Modern-Day Countries Ever Controlled by French PeopleIluvbread123
19%
World Map without 12 Countriesscambigol
17%
Countries that Beat Canadabaptistegorce
17%
Random Point on Land to CountryBolyaiAnna
16%
Country Shapes in my BurgerElboy
16%
Win the U.S. Presidential ElectionHinesBrothers
16%
Common Geography on a MapSaturnTheQuizzer
16%
Save Humanity by Guessing CountriesGeoPhilia
16%
Organs of the Human Body (with map)Jiaozira
13%
Countries of Europe in 1815 (with Map!)Gassu
13%
Fast Typing A to Zjohnnyaitch
12%
Countries by Wikipedia DescriptionsWolfCam
11%
Modern Day Countries of Nazi Germany on a MapCringeDragon
11%
Biggest Countries with No McDonald'sFlabberBapper
11%
NBA Basketball Team LogosKoljiVriVoda
9%
Top 10 Coldest European CountriesGamer1162
9%
California… or Florida?interopia
8%
Fruits: No Vowelsislabonita
8%

Score Distribution

Percentile by Number Answered

Percent of People with Each Score

Your Score History

You have not taken this quiz